000 00554nam a2200181 4500
001 114016
003 ES-MaACL
005 20230906190046.0
007 t|
008 061121s1978 sp r ||||1| spa d
100 1 _aNortes Checa, Andrés.
_986003
245 1 0 _aPsicopedagogía de las matemáticas /
_cAndrés Nortes Checa, Mª Rosa Martínez Artero.
250 _a1ª. ed.
260 _aBurgos :
_bSantiago Rodríguez,
_c1978.
300 _a220 p. ;
_c24 cm.
700 1 _aMartínez Artero, Mª Rosa.
_977870
852 _aES-MaACL
_jA-9438
_bR.98746
999 _c114016
_d114016